Pays sans les lettres de "OMAN" - Statistiques

Statistiques générales
  • Ce quiz a été pris 30 fois
    10 depuis la dernière actualisation
  • Le résultat moyen est 10 sur 18
Statistiques - réponses
Continents Pays % Correct
Europe Belgique
100%
Amérique du Sud Chili
75%
Afrique Égypte
75%
Europe Russie
75%
Europe Serbie
75%
Europe Suisse
75%
Europe Tchéquie
75%
Asie Turquie
75%
Asie Chypre
50%
Afrique Érythrée
50%
Europe Grèce
50%
Afrique Libye
50%
Europe Suède
50%
Asie Syrie
50%
Amérique du Sud Brésil
25%
Afrique Seychelles
25%
Amérique du Nord Belize
0%
Océanie Fidji
0%
Aucun quiz correspondant
Distribution des résultats
% des personnes avec chaque résultat
Percentile par nombre de réponses
Votre historique - résultats
Vous n’avez pas pris ce quiz depuis la dernière actualisation